Teoretické východiská informačných zdrojov

Vymedzenie pojmov údaje, informácie, znalosti. Informačný systém, informačné zdroje a služby. Vymedzenie a poslanie marketingového informačného systému. Základné východiská a charakteristiky internetu. Marketingový mix v prostredí internetu.

Salvato in:
Dettagli Bibliografici
Autore principale: Žák, Štefan, 1971-
Natura: Capitolo di libro
Lingua:slovacco
Soggetti:
Tags: Aggiungi Tag
Nessun Tag, puoi essere il primo ad aggiungerne!!

MARC

LEADER 00000naa$a2200000$$$4500
001 0078123
005 20240502071912.2
041 0 |a slo 
044 |a SK 
245 1 0 |a Teoretické východiská informačných zdrojov  |c Štefan Žák 
520 |a Vymedzenie pojmov údaje, informácie, znalosti. Informačný systém, informačné zdroje a služby. Vymedzenie a poslanie marketingového informačného systému. Základné východiská a charakteristiky internetu. Marketingový mix v prostredí internetu. 
610 2 0 |a zdroje informácií 
610 2 0 |a zdroje informačné elektronické 
610 2 0 |a informácie 
610 2 0 |a služby informačné 
610 2 0 |a systémy informačné 
610 2 0 |a systémy informačné marketingové 
610 2 0 |a internet 
610 2 0 |a marketing mix 
100 1 |a Žák, Štefan, 1971-